|
|
|
|
| LEADER |
00000nam0a2200000 4500 |
| 001 |
299936 |
| 005 |
20231102001243.0 |
| 010 |
|
|
|a 9785699693405
|
| 035 |
|
|
|a (RuTPU)RU\TPU\book\325089
|
| 035 |
|
|
|a RU\TPU\book\300624
|
| 090 |
|
|
|a 299936
|
| 100 |
|
|
|a 20150706d2014 km y0rusy5003 ca
|
| 101 |
1 |
|
|a rus
|a eng
|
| 102 |
|
|
|a RU
|
| 105 |
|
|
|a y e 000zy
|
| 200 |
1 |
|
|a Полный англо-русский словарь
|e 180 000 слов и выражений
|f В. К. Мюллер
|
| 210 |
|
|
|a Москва
|c Эксмо
|d 2014
|
| 215 |
|
|
|a 912 с.
|
| 225 |
1 |
|
|a Библиотека словарей Мюллера
|
| 330 |
|
|
|a Настоящий словарь является полной версией классического англо-русского словаря В. К. Мюллера, выдержавшего за последние полвека десятки переизданий. В него вошло более 180 ООО слов, выражений и значений, отражающих основной лексический состав английского языка. Особенностью данной версии словаря является наличие в нем современной лексики и большого числа английских идиоматических выражений. В книге имеется приложение, содержащее наиболее употребительные сокращения английского языка. Издание выполнено таким образом, чтобы максимально облегчить поиск нужной информации и дать возможность учащимся непрерывно расширять лексический запас.Словарь предназначен для лиц, изучающих английский язык в школах, вузах или самостоятельно.
|
| 606 |
1 |
|
|a Английский язык
|x Лексикография, словари
|2 stltpush
|3 (RuTPU)RU\TPU\subj\29061
|9 52473
|
| 610 |
1 |
|
|a словари
|
| 610 |
1 |
|
|a лексика
|
| 610 |
1 |
|
|a англо-русские словари
|
| 686 |
|
|
|a Ш143.21-48
|2 rubbk
|
| 700 |
|
1 |
|a Мюллер
|b В. К.
|g Владимир Карлович
|
| 801 |
|
2 |
|a RU
|b 63413507
|c 20160719
|g RCR
|
| 942 |
|
|
|c BK
|